00395nam a2200157Ia 4500008004100000020001800041082001500059100001300074245002500087250000600112260003900118300001500157500002400172650001500196700002600211230524s9999 xx 000 0 und d a9789381141861 a658.8bRAM aS.Ramesh 0aMarketing Management a1 aNew DelhibI.K.Internationalc2012 a"XV,759p;" aQuantity Number: 1 aManagement a C.S. Jayanthi Prasad